000 00647cam a2200241 4500
008 090401t1997 xxu||||| |||| 00| 0 eng d
020 _a0113222491
035 _a(Sirsi) u19239
041 _aeng
110 _aNHS Estates
_92893
245 _aFirecode ... fire precautions in new hospitals.
260 _aLondon
_bHMSO
_c1997
300 _a83p. ; 30cm.
350 _a35
490 _aHealth Technical Memoranda
_v81
650 _aFIRE PRECAUTIONS
650 _aHTM 81
650 _aMEANS OF ESCAPE
650 _aNEW HOSPITALS
690 _aBUILT ENVIRONMENT-BUILDING STANDARDS-FIRE REGULATIONS
942 _n0
948 _c04/03/1997
999 _c87657
_d87657